| 000 | 01471nam a2200373 i 4500 | ||
|---|---|---|---|
| 001 | 25871 | ||
| 003 | KOSZ 005 | ||
| 005 | 20200804110051.0 | ||
| 008 | 200804s1973 pl f 000 0 pol d | ||
| 040 |
_aKOSZ 005 _cKOSZ 005/RW |
||
| 046 | _k1973 | ||
| 080 | _a378 | ||
| 080 | _a37.091.3 | ||
| 100 | 1 |
_aPiotrowski, Edmund _d(1913-1992) _eAutor |
|
| 245 | 1 | 0 |
_aOgólne wytyczne opracowania przewodników metodycznych dla studentów wyższych studiów technicznych dla pracujących / _cEdmund Piotrowski ; Ośrodek Metodyczny Wyższych Studiów Technicznych dla Pracujących. |
| 250 | _aWydanie 2. zmienione. | ||
| 260 |
_aGliwice : _bOśrodek Metodyczny Wyższych Studiów Technicznych dla Pracujących, _c1973. |
||
| 300 |
_a26 stron ; _c24 cm. |
||
| 336 |
_aTekst _btxt _2rdacontent |
||
| 337 |
_aBez urządzenia pośredniczącego _bn _2rdamedia |
||
| 338 |
_aWolumin _bnc _2rdacarrier |
||
| 380 | _aKsiążki | ||
| 380 | _aPublikacje fachowe | ||
| 388 | 1 | _a1901-2000 | |
| 388 | 1 | _a1945-1989 | |
| 650 | 7 | _aSzkolnictwo dla dorosłych | |
| 650 | 7 | _aNauczanie | |
| 650 | 7 | _aPodstawa programowa | |
| 655 | 7 | _aOpracowanie | |
| 658 | _aEdukacja i pedagogika | ||
| 710 | 2 |
_aMiędzyuczelniany Ośrodek Metodyczny Wyższych Studiów Technicznych dla Pracujących (Gliwice) _4pbl |
|
| 856 |
_uhttp://koha.tu.koszalin.pl/cgi-bin/koha/opac-detail.pl?biblionumber=25871 _yKatalog online BPK |
||
| 942 |
_2UKD _cKS |
||
| 999 |
_c25871 _d25871 |
||